| 000 | 00725nam a2200229 i 4500 | ||
|---|---|---|---|
| 001 | 87692 | ||
| 003 | ES-MaACL | ||
| 005 | 20250804062539.0 | ||
| 007 | t| | ||
| 008 | 041223s1969 sp ||||1| spa d | ||
| 080 | _a335.51(04) | ||
| 100 | 1 |
_aLabriola, Antonio, _d1843-1904 _9241509 |
|
| 245 | 1 | 0 |
_aSocialismo y filosofía / _cAntonio Labriola ; prólogo y traducción, Manuel Sacristán. |
| 260 |
_aMadrid : _bAlianza, _c[1969] |
||
| 300 |
_a204 p. ; _c18 cm. |
||
| 490 | 1 |
_aEl libro de bolsillo ; _v218 |
|
| 650 | 0 | 4 |
_aMarxismo. _914803 |
| 700 | 1 |
_aSacristán, Manuel, _d1925-1985 _9101268 |
|
| 830 | 0 | 3 |
_aEl libro de bolsillo _v218 _9177802 |
| 852 |
_aES-MaACL _jC-40721 _bR.72288 |
||
| 999 |
_c87692 _d87692 |
||